Celia en la revolución / (Record no. 190766)
[ view plain ]
| 000 -LEADER | |
|---|---|
| campo de control de longitud fija | 02507nam a2200373 i 4500 |
| 001 - NÚMERO DE CONTROL | |
| campo de control | 190766 |
| 003 - IDENTIFICADOR DE NÚMERO DE CONTROL | |
| campo de control | ES-MaACL |
| 005 - FECHA Y HORA DE LA ÚLTIMA TRANSACCIÓN | |
| campo de control | 20250804161026.0 |
| 008 - DATOS DE LONGITUD FIJA--INFORMACIÓN GENERAL | |
| campo de control de longitud fija | 220701s2021 sp 001 f spa |
| 020 ## - NÚMERO INTERNACIONAL ESTÁNDAR DEL LIBRO | |
| Número Internacional Estándar del Libro | 978-84-18387-26-5 |
| 040 ## - FUENTE DE CATALOGACIÓN | |
| Centro/agencia transcriptor | ES-MaACL |
| 080 ## - NÚMERO DE LA CLASIFICACIÓN DECIMAL UNIVERSAL | |
| Número de la Clasificación Decimal Universal | 821.134.2-31"19" |
| 080 ## - NÚMERO DE LA CLASIFICACIÓN DECIMAL UNIVERSAL | |
| Número de la Clasificación Decimal Universal | 94(460)"1936/39"(0:82) |
| 100 1# - ENTRADA PRINCIPAL--NOMBRE DE PERSONA | |
| Nombre de persona | Fortún, Elena, |
| Fechas asociadas al nombre | 1886-1952 |
| 9 (RLIN) | 166428 |
| Término indicativo de función/relación | Autor |
| 245 10 - MENCIÓN DEL TÍTULO | |
| Título | Celia en la revolución / |
| Mención de responsabilidad, etc. | Elena Fortún ; edición de María Jesús Fraga e Inmaculada García Carretero ; prólogo de Andrés Trapiello. |
| 250 ## - MENCION DE EDICION | |
| Mención de edición | 1ª reimp. de 2ª ed. |
| 264 #1 - PRODUCCIÓN, PUBLICACIÓN, DISTRIBUCIÓN, FABRICACIÓN Y COPYRIGHT | |
| Producción, publicación, distribución, fabricación y copyright | Valecina de la Concepción (Valencia) : |
| Nombre del de productor, editor, distribuidor, fabricante | Renacimiento, |
| Fecha de producción, publicación, distribución, fabricación o copyright | 2021. |
| 300 ## - DESCRIPCIÓN FÍSICA | |
| Extensión | 373 p. ; |
| Dimensiones | 21 cm. |
| 490 1# - MENCIÓN DE SERIE | |
| Mención de serie | Biblioteca Elena Fortún |
| 490 1# - MENCIÓN DE SERIE | |
| Mención de serie | El mundo de Celia ; |
| Designación de volumen o secuencia | 21 |
| 504 ## - NOTA DE BIBLIOGRAFÍA, ETC. | |
| Nota de bibliografía, etc. | Bibliografía: p. 35-38. |
| 520 ## - RESUMEN, ETC. | |
| Sumario, etc. | Lo sucedido con la edición de 1987 de Celia en la revolución, dice Andrés Trapiello en su prólogo, «fue misteriosísimo, un caso único. Apenas publicado, desapareció de las librerías y únicamente en el mercado de viejo ha ido apareciendo desde entonces, con cuentagotas, algún que otro ejemplar, siempre a precios fabulosos, lo que habla de su carácter excepcional». Libro, por tanto, buscado, rebuscado y perseguido por lectores y coleccionistas de la serie de Celia pero que también, por su calidad, su calidez, su emoción y su justeza histórica y humana, libro que cautivará a cualquier lector exigente de literatura y no precisamente infantil. Novela sobre la guerra civil, escrita poco después del fin de la guerra, en 1943, no hay en ella lugar para la distorsión ni la idealización de lo vivido. Estas páginas no solo nos cuentan la vida difícil y llena de peripecias de una Celia adolescente en un Madrid sitiado, entre la supervivencia y la revolución, son también una suerte de crónica autobiográfica de la propia Elena Fortún. |
| 651 #4 - PUNTO DE ACCESO ADICIONAL DE MATERIA--NOMBRE GEOGRÁFICO | |
| Nombre geográfico | España- |
| Subdivisión general | Historia- |
| Subdivisión cronológica | 1936-1939, Guerra civil- |
| Subdivisión de forma | Novelas. |
| 9 (RLIN) | 8310 |
| 700 0# - ENTRADA AGREGADA--NOMBRE PERSONAL | |
| Nombre de persona | Fraga, María Jesús |
| 9 (RLIN) | 52067 |
| Término indicativo de función/relación | Editor literario |
| 700 1# - ENTRADA AGREGADA--NOMBRE PERSONAL | |
| Nombre de persona | García Carretero, Inmaculada |
| 9 (RLIN) | 174741 |
| Término indicativo de función/relación | Editor literario |
| 700 0# - ENTRADA AGREGADA--NOMBRE PERSONAL | |
| Nombre de persona | Trapiello, Andrés, |
| Fechas asociadas al nombre | 1953- |
| Término indicativo de función/relación | Autor de introducción |
| 9 (RLIN) | 111233 |
| 830 1# - PUNTO DE ACCESO ADICIONAL DE SERIE-TÍTULO UNIFORME | |
| Título uniforme | Biblioteca Elena Fortún |
| 9 (RLIN) | 193511 |
| 830 1# - PUNTO DE ACCESO ADICIONAL DE SERIE-TÍTULO UNIFORME | |
| Título uniforme | El mundo de Celia ; |
| 9 (RLIN) | 239988 |
| Designación de volumen o secuencia | 21 |
| 852 4# - LOCALIZACIÓN | |
| Ubicación | ES-MaACL |
| Número de control de estantería | A-14985 |
| itemnumber | 197948 |
| Sublocalización o colección | R.153390 |
| Ubicación en estantería | Depósito 1 |
| Signatura antigua | Olim: N-7985 |
| Donativo/Legado | Donación: Pilar Fernandez Vera |
| 903 ## - NOMBRE PERSONAL DE DONANTE | |
| a | Fernández Vera, Pilar, |
| d | 1961- |
| e | Donante |
| 9 | 49420 |
| 942 ## - ELEMENTOS DE ENTRADA SECUNDARIOS (KOHA) | |
| Tipo de ítem Koha | Libro impreso |
| Suprimir en OPAC | No |
| Estatus retirado | Estado de pérdida | Fuente del sistema de clasificación o colocación | Estado de daño | No para préstamo | Biblioteca de origen | Biblioteca actual | Ubicación en estantería | Fecha de adquisición | Fuente de adquisición | Total de préstamos | Signatura topográfica completa | Código de barras | Visto por última vez | Precio de reemplazo | Tipo de ítem Koha |
|---|---|---|---|---|---|---|---|---|---|---|---|---|---|---|---|
| Clasificación decimal universal | Biblioteca del Ateneo de Madrid | Biblioteca del Ateneo de Madrid | Depósito 1 | 01/07/2022 | Donación | A-14985 | 1203035 | 23/02/2023 | 23/02/2023 | Libro impreso |
